Double-Letter Countries - Statistics

General Stats
  • This quiz has been taken 104 times
  • The average score is 9 of 11
Answer Stats
First Letter Double Letter Answer % Correct
R S {Russia}
97%
M C {Morocco}
93%
G E {Greece}
91%
C O {Cameroon}
90%
A R {Andorra}
88%
P P {Philippines}
87%
S T {Saint} {Kitts} {and} {Nevis}
85%
S R {Sierra} {Leone}
79%
S L {Seychelles}
78%
G S {Guinea-Bissau}
76%
M L {Marshall} {Islands}
73%
No matching quizzes found
Score Distribution
Percent of People with Each Score
Percentile by Number Answered
Your Score History
You have not taken this quiz